Crime and justice: a review of research

Gespeichert in:  
Bibliographische Detailangaben
Medienart: Druck Zeitschrift
Sprache:Englisch
Veröffentlicht: Chicago, Ill. [u.a.] Univ. of Chicago Press 1979-
In:Jahr: 1979
Verfügbarkeit prüfen: HBZ Gateway
Subito Bestelldienst: Jetzt bestellen.
Bände / Aufsätze:Bände / Aufsätze anzeigen.
Schlagwörter:
Parallele Ausgabe:Elektronisch

MARC

LEADER 00000cas a2200000 c 4500
001 130441775
003 DE-627
005 20260207114227.0
007 tu
008 931116c19799999xxuz| p| 0 |0eng c
016 7 |a 013818600  |2 DE-101 
016 7 |a 704347-8  |2 DE-600 
022 |a 0192-3234 
035 |a (DE-627)130441775 
035 |a (DE-576)015955133 
035 |a (DE-599)ZDB704347-8 
035 |a (OCoLC)884518753 
040 |a DE-627  |b ger  |c DE-627  |e rakwb 
041 |a eng 
044 |c XD-US 
082 0 4 |a 340  |q DE-600 
084 |a 2  |a 2,1  |2 ssgn 
084 |a INTRECHT  |q DE-1a  |2 fid 
084 |a KRIM  |q DE-21  |2 fid 
084 |a PH 8000  |2 rvk  |0 (DE-625)rvk/136482: 
084 |a PH 8030  |2 rvk  |0 (DE-625)rvk/136484: 
084 |a PH 8300  |2 rvk  |0 (DE-625)rvk/136497: 
084 |a 86.00  |2 bkl 
245 0 0 |a Crime and justice  |b a review of research 
247 1 0 |a an annual review of research  |f Zusatz anfangs 
264 3 1 |a Chicago, Ill. [u.a.]  |b Univ. of Chicago Press  |c 1979- 
336 |a Text  |b txt  |2 rdacontent 
337 |a ohne Hilfsmittel zu benutzen  |b n  |2 rdamedia 
338 |a Band  |b nc  |2 rdacarrier 
362 0 |a 1.1979 - 
363 0 1 |a 1  |i 1979 
490 0 |a Teils: A Phoenix book 
555 |a Index 1/10.1979/88 in : 10.1988; Index 1/41.1979/2012 in : 41.2012 
591 |a 24!(0500 s.Abl.) 
655 7 |a Zeitschrift  |0 (DE-588)4067488-5  |0 (DE-627)10454466X  |0 (DE-576)20917000X  |2 gnd-content 
689 0 0 |d g  |0 (DE-588)4078704-7  |0 (DE-627)106076612  |0 (DE-576)209209682  |a USA  |2 gnd 
689 0 1 |d s  |0 (DE-588)4028893-6  |0 (DE-627)106276565  |0 (DE-576)208979999  |a Jugendkriminalität  |2 gnd 
689 0 2 |d s  |0 (DE-588)4143413-4  |0 (DE-627)105605727  |0 (DE-576)209726091  |a Aufsatzsammlung  |2 gnd 
689 0 |5 DE-101 
776 1 |x 2153-0416 
776 0 8 |i Erscheint auch als  |n Online-Ausg.  |t Crime and justice  |d Chicago, Ill. [u.a.] : Univ. of Chicago Press, 1979  |h Online-Ressource  |w (DE-627)477533175  |w (DE-600)2174153-0  |w (DE-576)272712507  |x 2153-0416  |k Electronic 
889 |w (DE-603)010152105 
936 r v |a PH 8000  |b Schriftenreihen, Serien, Kongressberichte, Sammelwerke  |k Rechtswissenschaft  |k Strafrecht, Strafverfahrensrecht, Kriminologie  |k Kriminologie  |k Allgemeines  |k Schriftenreihen, Serien, Kongressberichte, Sammelwerke  |0 (DE-627)127212715X  |0 (DE-625)rvk/136482:  |0 (DE-576)20212715X 
936 r v |a PH 8030  |b Handbücher, Lehrbücher, Gesamtdarstellungen etc. zur gesamten Kriminologie und deren Einzelgebieten  |k Rechtswissenschaft  |k Strafrecht, Strafverfahrensrecht, Kriminologie  |k Kriminologie  |k Allgemeines  |k Handbücher, Lehrbücher, Gesamtdarstellungen etc. zur gesamten Kriminologie und deren Einzelgebieten  |0 (DE-627)1271948230  |0 (DE-625)rvk/136484:  |0 (DE-576)201948230 
936 r v |a PH 8300  |b Kriminalbiologie; Kriminalanthropologie; Kriminalethologie; Kriminalpsychologie; Kriminalsoziologie, Abweichendes Verhalten/Soziologie; Labeling approach; Radikale Kriminologie, Kritische Kriminologie  |k Rechtswissenschaft  |k Strafrecht, Strafverfahrensrecht, Kriminologie  |k Kriminologie  |k Kriminalitätstheorien  |k Kriminalbiologie; Kriminalanthropologie; Kriminalethologie; Kriminalpsychologie; Kriminalsoziologie, Abweichendes Verhalten/Soziologie; Labeling approach; Radikale Kriminologie, Kritische Kriminologie  |0 (DE-627)1271739763  |0 (DE-625)rvk/136497:  |0 (DE-576)201739763 
936 b k |a 86.00 
936 s n |a p100  |2 mzub 
951 |a JT 
ELC |b 1 
LOK |0 000 xxxxxcy a22 3n 4500 
LOK |0 001 2119319898 
LOK |0 003 DE-627 
LOK |0 004 130441775 
LOK |0 005 20260206062818 
LOK |0 008 881001||||||||||||||||ger||||||| 
LOK |0 035   |a (DE-600)034693297 
LOK |0 040   |a DE-21-110  |c DE-627  |d DE-21-110 
LOK |0 092   |o l 
LOK |0 852   |8 1 
LOK |0 852   |a DE-21-110 
LOK |0 852 1  |c A I 283  |9 00 
LOK |0 85900  |8 1.1  |a 1  |i 1979 
LOK |0 85910  |8 1.2  |a 20  |i 1996 
LOK |0 85900  |8 2.1  |a 22  |i 1997 
LOK |0 85910  |8 2.2  |a 26  |i 1999 
LOK |0 85900  |8 3.1  |a 28  |i 2001 
LOK |0 85910  |8 3.2  |a 42  |i 2023 
LOK |0 86630  |a 1.1979 - 20.1996; 22.1997 - 26.1999; 28.2001 - 42.2023 
LOK |0 939   |a 17-12-99  |b z01 
ORI |a WA-MARC-krimdoka001.raw 
SPR |a 1  |t KRI